书目信息 |
| 题名: |
党的十一届三中全会以来共青团重要文件汇编
|
|
| 作者: | ;共青团中央办公厅 编 | |
| 分册: | ||
| 出版信息: | 北京 中国青年出版社 2001 |
|
| 页数: | 768页 | |
| 开本: | 32开 | |
| 丛书名: | ||
| 单 册: | ||
| 中图分类: | D29 | |
| 科图分类: | ||
| 主题词: | 中国共产主义青年团--文件--汇编 | |
| 电子资源: | ||
| ISBN: | 7-5006-4284-9 | |
| 000 | 00764nam0 2200205 45 | |
| 001 | 0210140929 | |
| 005 | 20031219104058.3 | |
| 010 | @a7-5006-4284-9@dCNY39.20 | |
| 100 | @a20021014d2001 km y0chiy0120 ea | |
| 101 | 0 | @achi |
| 105 | @a z 000yy | |
| 200 | 1 | @a党的十一届三中全会以来共青团重要文件汇编@ADang De Shi Yi Jie San Zhong Quan Hui Yi Lai Gong Qing Tuan Zhong Yao Wen Jian Hui Bian@f共青团中央办公厅编@FGong Qing Tuan Zhong Yang Ban Gong Ting Bian |
| 210 | @a北京@c中国青年出版社@d2001 | |
| 215 | @a768页@d32开 | |
| 500 | 10 | @a共青团重要文件汇编@AGong Qing Tuan Zhong Yao Wen Jian Hui Bian |
| 606 | 0 | @a中国共产主义青年团@x文件@x汇编 |
| 690 | @aD29@v4 | |
| 711 | 02 | @a共青团中央办公厅@4编 |
| 801 | @aCN@bTSTC@c20021014 | |
| 905 | @b315513-515@dD29@f3@e18 | |
| 党的十一届三中全会以来共青团重要文件汇编/共青团中央办公厅编.-北京:中国青年出版社,2001 |
| 768页;32开 |
| ISBN 7-5006-4284-9:CNY39.20 |
| ● |
| 相关链接 |
|
|
|
|
正题名:党的十一届三中全会以来共青团重要文件汇编
索取号:D29/18
 
预约/预借
| 序号 | 登录号 | 条形码 | 馆藏地/架位号 | 状态 | 备注 |
| 1 | 0315513 | 203155138 | 第一借阅区/ [索取号:D29/18] | 在馆 | |
| 2 | 0315514 | 203155147 | 第一借阅区/ [索取号:D29/18] | 在馆 | |
| 3 | 0315515 | 203155156 | 第一样本阅览室/ [索取号:D29/18] | 在馆 |